书目信息 |
| 题名: |
高级验证方法学
|
|
| 作者: | 格拉瑟 , 罗斯 , 菲茨帕特里克 编著 ;王欣 译 | |
| 分册: | ||
| 出版信息: | 成都 电子科技大学出版社 2007.08 |
|
| 页数: | 294页 | |
| 开本: | 24cm | |
| 丛书名: | ||
| 单 册: | ||
| 中图分类: | TP311 | |
| 科图分类: | ||
| 主题词: | 程序设计--cheng xu she ji | |
| 电子资源: | ||
| ISBN: | 978-7-81114-370-6 | |
| 000 | 01330nam0 2200313 450 | |
| 001 | 012008733292 | |
| 005 | 20080602100516.60 | |
| 010 | @a978-7-81114-370-6@dCNY38.00 | |
| 100 | @a20080602d2007 em y0chiy0120 ea | |
| 101 | 1 | @achi@ceng |
| 102 | @aCN@b510000 | |
| 105 | @ay a 000yy | |
| 106 | @ar | |
| 200 | 1 | @a高级验证方法学@Agao ji yan zheng fang fa xue@d= Advanced verification methodology@f(美) Mark Glasser ... [等] 编著@F(mei)Mark Glasser...[deng]bian zhu@g王欣 ... [等] 译@Gwang xin...[deng]yi@zeng |
| 210 | @a成都@c电子科技大学出版社@d2007.08 | |
| 215 | @a294页@d24cm | |
| 304 | @a题名页题: Mark Glasser, Adam Rose, Tom Fitzpatrick, Dave Rich, Harry Foster编著 | |
| 314 | @a责任者Glasser, Rose, Fitzpatrick规范汉译姓: 格拉瑟, 罗斯, 菲茨帕特里克 | |
| 320 | @a有书目 (第293-294页) | |
| 330 | @a本书包括验证原理、AVM综述、TLM介绍、SystemVerilog中的AVM机制、验证平台基础、完整的验证平台、随机验证等内容。 | |
| 500 | 10 | @aAdvanced verification methodology@mChinese |
| 606 | 0 | @a程序设计@Acheng xu she ji |
| 690 | @aTP311@v4 | |
| 701 | 1 | @a格拉瑟@Age la se@g(Glasser, Mark)@4编著 |
| 701 | 1 | @a罗斯@Aluo si@g(Rose, Adam)@4编著 |
| 701 | 1 | @a菲茨帕特里克@Afei ci pa te li ke@g(Fitzpatrick, Tom)@4编著 |
| 702 | 0 | @a王欣@Awang xin@4译 |
| 801 | 0 | @aCN@bQSSK@c20080602 |
| 905 | @b721290-91@dTP311@eG278@f2 | |
| 高级验证方法学= Advanced verification methodology/(美) Mark Glasser ... [等] 编著/王欣 ... [等] 译.-成都:电子科技大学出版社,2007.08 |
| 294页;24cm |
| ISBN 978-7-81114-370-6:CNY38.00 |
| 本书包括验证原理、AVM综述、TLM介绍、SystemVerilog中的AVM机制、验证平台基础、完整的验证平台、随机验证等内容。 |
| ● |
| 相关链接 |
|
|
|
正题名:高级验证方法学
索取号:TP311/G278
 
预约/预借
| 序号 | 登录号 | 条形码 | 馆藏地/架位号 | 状态 | 备注 |
| 1 | 721290 | 207212906 | 自科库301/301自科库 47排1列1层/ [索取号:TP311/G278] | 在馆 | |
| 2 | 721291 | 207212915 | 自科库301/301自科库 47排1列1层/ [索取号:TP311/G278] | 在馆 |